Catálogo

La condición Humana actual. (Registro nro. 66568)

Detalles MARC
000 -LEADER
fixed length control field 00572nam a2200205 u 4500
001 - CONTROL NUMBER
control field 66568
005 - DATE AND TIME OF LATEST TRANSACTION
control field 20180714074403.0
008 - FIXED-LENGTH DATA ELEMENTS--GENERAL INFORMATION
fixed length control field 161201s2009 xx r 000 0 spa d
020 ## - INTERNATIONAL STANDARD BOOK NUMBER
International Standard Book Number 978-84-493-0855-0
082 ## - DEWEY DECIMAL CLASSIFICATION NUMBER
Classification number 149.97
Item number FRO
100 1# - MAIN ENTRY--PERSONAL NAME
Personal name Fromm, Erich
Relator term autor
245 13 - TITLE STATEMENT
Title La condición Humana actual.
250 ## - EDITION STATEMENT
Edition statement Primera edición
264 ## - PRODUCTION, PUBLICATION, DISTRIBUTION, MANUFACTURE, AND COPYRIGHT NOTICE
Place of production, publication, distribution, manufacture Barcelona
Name of producer, publisher, distributor, manufacturer Paidos
Date of production, publication, distribution, manufacture, or copyright notice 2009
300 ## - PHYSICAL DESCRIPTION
Extent 142 Páginas , ;
Dimensions 24 cm.
336 ## - CONTENT TYPE
Content type term texto
Source rdacontent
337 ## - MEDIA TYPE
Media type term sin mediación
Source rdamedia
338 ## - CARRIER TYPE
Carrier type term volumen
Source rdacarrier
650 #0 - SUBJECT ADDED ENTRY--TOPICAL TERM
Topical term or geographic name entry element Psicología
Existencias
Withdrawn status Lost status Source of classification or shelving scheme Damaged status Not for loan Collection code Home library Current library Shelving location Date acquired Source of acquisition Total Checkouts Full call number Barcode Date last seen Price effective from Koha item type
  Extraviado Dewey Decimal Classification       Biblioteca Karol Wojtyla Biblioteca Karol Wojtyla   03/12/2013 Compra   616.8917 FRO 28012   03/12/2013 Libro
    Dewey Decimal Classification     General Tehuacán Tehuacán Sala general 01/12/2016 Compra   149.97 ERI 2009 508850 08/01/2025 01/12/2016 Libro